[Event "AUTO-MASTER-2774"]
[Site "http://www.queenalice.com/game.php?id=1545591"]
[Date "2018.10.11"]
[Round "1"]
[White "Vilnius"]
[Black "VictorArruda"]
[Result "1-0"]
[WhiteElo "2141"]
[BlackElo "1981"]

1. e4 e5 2. c4 Nf6 3. d3 d6 4. h3 Be7 5. Nc3 O-O 6. Be3 Be6 7. Nf3 h6 8. Qd2 Kh7
9. d4 exd4 10. Nxd4 Bd7 11. Bd3 Kh8 12. g4 c5 13. Nf5 Bxf5 14. gxf5 Nc6 15. Bxh6
gxh6 16. Qxh6+ Nh7 17. h4 Bf6 18. Rg1 Ne5 19. Be2 Rg8 20. O-O-O Qf8 21. Qh5 Rxg1
22. Rxg1 Bg7 23. Nd5 f6 24. f4 Nd7 25. Nc7 Re8 26. Qxe8 Qxe8 27. Nxe8 Bh6 28.
Rg4 Ne5 29. Rg2 Bxf4+ 30. Kc2 Nc6 31. Bh5 Be5 32. b3 Nf8 33. Rg7 Nd4+ 34. Kd3
Nc6 35. Rxb7 Nb4+ 36. Ke2 Nxa2 37. Rxa7 Nb4 38. Rf7 Nh7 39. Bg6 1-0

[Event "AUTO-ADV-4030"]
[Site "http://www.queenalice.com/game.php?id=1547196"]
[Date "2018.10.26"]
[Round "2"]
[White "Regina1962"]
[Black "VictorArruda"]
[Result "1/2-1/2"]
[WhiteElo "2104"]
[BlackElo "1990"]

1. d4 d5 2. c4 Nf6 3. Nf3 e6 4. Nc3 dxc4 5. e3 Be7 6. Bxc4 O-O 7. O-O Nc6 8. e4
a6 9. h3 Na5 10. Bd3 b5 11. Bd2 Bb7 12. Qe2 Nc4 13. Bg5 h6 14. Bh4 Qd7 15. Rfd1
Rfd8 16. b3 Nb6 17. a3 Rac8 18. b4 Kh8 19. Rac1 Ng8 20. Bg3 Nf6 21. Bb1 c6 22.
Ne5 Qe8 23. Qf3 Nbd7 24. Ba2 Nxe5 25. Bxe5 Rd7 26. d5 cxd5 27. exd5 Nxd5 28.
Nxd5 Rxc1 29. Rxc1 Bxd5 30. Bxd5 Rxd5 31. Ba1 Qd7 32. g3 Kg8 33. Qc3 Bf6 34.
Qc8+ Qxc8 35. Rxc8+ Kh7 36. Bxf6 gxf6 37. Rc6 Kg6 38. Rxa6 e5 39. Kf1 Kg5 40.
Ke2 1/2-1/2

[Event "AUTO-ADV-4030"]
[Site "http://www.queenalice.com/game.php?id=1547197"]
[Date "2018.10.26"]
[Round "2"]
[White "VictorArruda"]
[Black "Regina1962"]
[Result "0-1"]
[WhiteElo "2069"]
[BlackElo "2093"]

1. d4 d6 2. c4 g6 3. Nc3 Bg7 4. e3 Nd7 5. Nf3 Ngf6 6. Be2 O-O 7. O-O c6 8. b3 e5
9. dxe5 dxe5 10. Bb2 Qe7 11. Qc2 Re8 12. Rad1 a6 13. Rd2 Nc5 14. Rfd1 Bf5 15.
Qc1 Nfe4 16. Nxe4 Nxe4 17. Rc2 Rad8 18. Bc3 Nxc3 19. Rxc3 c5 20. e4 Bxe4 21. Re3
Bxf3 22. Rxf3 e4 23. Rg3 Bd4 24. Kf1 Rd6 25. f3 Rf6 26. Qc2 exf3 27. Rxf3 Rxf3+
28. Bxf3 b5 29. cxb5 Qe3 0-1

[Event "AUTO-ADV-4030"]
[Site "http://www.queenalice.com/game.php?id=1547198"]
[Date "2018.10.26"]
[Round "2"]
[White "jova21"]
[Black "VictorArruda"]
[Result "1-0"]
[WhiteElo "2060"]
[BlackElo "2004"]

1. e4 e5 2. Nf3 Nc6 3. Bb5 a6 4. Bxc6 dxc6 5. Nxe5 Qd4 6. Nf3 Qxe4+ 7. Qe2 Qxe2+
8. Kxe2 Bg4 9. Re1 O-O-O 10. Kf1 Bxf3 11. gxf3 Nf6 12. d3 Bd6 13. Kg2 Rde8 14.
Bd2 Kd7 15. Nc3 Rxe1 16. Rxe1 Re8 17. Rxe8 Nxe8 18. Ne4 h6 19. Be3 f5 20. Nc5+
Bxc5 21. Bxc5 b6 22. Bb4 c5 23. Bc3 g5 24. Kg3 Ke6 25. f4 Nf6 26. Bd2 c6 27.
fxg5 hxg5 28. Bxg5 Nd5 29. h4 b5 30. h5 c4 31. dxc4 bxc4 32. Kh4 Nf6 33. f3 a5
34. a4 Nh7 35. Bd8 Nf6 36. Bxa5 1-0

[Event "AUTO-ADV-4030"]
[Site "http://www.queenalice.com/game.php?id=1547199"]
[Date "2018.10.26"]
[Round "2"]
[White "VictorArruda"]
[Black "jova21"]
[Result "0-1"]
[WhiteElo "2019"]
[BlackElo "2041"]

1. d4 d6 2. c4 g6 3. Nc3 Bg7 4. e3 Nf6 5. Nf3 O-O 6. Be2 Re8 7. O-O c6 8. b3 e5
9. dxe5 dxe5 10. Bb2 Nbd7 11. Qc2 Nc5 12. Rfd1 Qc7 13. h3 Bf5 14. Qc1 Rad8 15.
Rxd8 Rxd8 16. Ne1 Qd7 17. Nd1 Nfe4 18. Bf3 Ng5 19. Be2 Qd2 20. Qxd2 Rxd2 21. Bc3
Rxe2 22. Nf3 Nxf3+ 23. gxf3 Bxh3 24. Kh2 Be6 25. Kg3 f5 26. Bb4 e4 27. Nc3 Rc2
28. Rd1 Nd3 29. Nxe4 fxe4 30. Bd2 exf3 31. Kxf3 h5 32. a3 Bg4+ 33. Kg3 Bxd1 0-1

[Event "AUTO-INT-3336"]
[Site "http://www.queenalice.com/game.php?id=1548754"]
[Date "2018.11.10"]
[Round "2"]
[White "VictorArruda"]
[Black "jocapeme"]
[Result "0-1"]
[WhiteElo "1964"]
[BlackElo "2317"]

1. d4 d5 2. Nf3 Nc6 3. c4 e6 4. cxd5 exd5 5. e3 Bf5 6. Bd3 Bxd3 7. Qxd3 Nf6 8.
O-O Bd6 9. a3 O-O 10. b4 Qd7 11. Bb2 Rfe8 12. Nbd2 Qe6 13. Rac1 Ne4 14. h3 Ne7
15. Qc2 c6 16. Nb3 Nf5 17. Nfd2 Ng5 18. Nc5 Nxh3+ 19. gxh3 Qg6+ 20. Kh1 Qh5 21.
f4 Qxh3+ 22. Kg1 Nxe3 0-1

[Event "AUTO-INT-3336"]
[Site "http://www.queenalice.com/game.php?id=1548755"]
[Date "2018.11.10"]
[Round "2"]
[White "jocapeme"]
[Black "VictorArruda"]
[Result "1-0"]
[WhiteElo "2312"]
[BlackElo "2054"]

1. e4 e5 2. Nf3 Nc6 3. Bc4 Bc5 4. O-O d6 5. d3 Nf6 6. Bg5 O-O 7. Nc3 Bg4 8. Nd5
h6 9. Nxf6+ gxf6 10. Bxh6 Re8 11. h3 Be6 12. Nh4 Kh7 13. Qh5 1-0

[Event "AUTO-INT-3336"]
[Site "http://www.queenalice.com/game.php?id=1548756"]
[Date "2018.11.10"]
[Round "2"]
[White "VictorArruda"]
[Black "NickThorp"]
[Result "0-1"]
[WhiteElo "1922"]
[BlackElo "1686"]

1. d4 d5 2. Nf3 Nc6 3. e3 Bg4 4. Be2 e6 5. O-O Nf6 6. h3 Bh5 7. Bd2 Bb4 8. c3
Bd6 9. a3 Ne4 10. Ne1 Bxe2 11. Qxe2 Nxd2 12. Nxd2 O-O 13. Nef3 Qf6 14. Rfc1 b5
15. a4 bxa4 16. Rxa4 Rfb8 17. Nf1 Rb7 18. b4 a5 19. bxa5 Nxa5 20. Rca1 Rba7 21.
Qb5 c6 22. Qb2 Qd8 23. N1d2 Bc7 24. Qc2 Qf6 25. Rb1 Nc4 26. Rxa7 Rxa7 27. Nxc4
dxc4 28. Qb2 h6 0-1

[Event "AUTO-INT-3336"]
[Site "http://www.queenalice.com/game.php?id=1548757"]
[Date "2018.11.10"]
[Round "2"]
[White "NickThorp"]
[Black "VictorArruda"]
[Result "1-0"]
[WhiteElo "1658"]
[BlackElo "1950"]

1. e4 e5 2. Nf3 Nc6 3. Bb5 a6 4. Bxc6 dxc6 5. h3 Bd6 6. d3 Be6 7. Bg5 f6 8. Be3
Ne7 9. Nc3 O-O 10. O-O Ng6 11. a3 b6 12. b4 c5 13. bxc5 Bxc5 14. Bxc5 bxc5 15.
a4 Rb8 16. Rb1 Rxb1 17. Qxb1 Qb8 18. Qxb8 Rxb8 19. Rb1 Rxb1+ 20. Nxb1 Ne7 21. c4
Kf7 22. Nbd2 Ng6 23. g4 h6 24. Nb3 Nf4 25. Nxc5 a5 26. Ne1 Nxh3+ 27. Kg2 Ng5 28.
f3 Ke7 29. Nxe6 Nxe6 30. Nc2 1-0

[Event "AUTO-OPEN-3940"]
[Site "http://www.queenalice.com/game.php?id=1551043"]
[Date "2018.11.28"]
[Round "3"]
[White "Fredo"]
[Black "VictorArruda"]
[Result "1-0"]
[WhiteElo "2081"]
[BlackElo "2002"]

1. e4 e5 2. Nf3 Nc6 3. Bb5 d6 4. d4 exd4 5. O-O Bd7 6. c3 dxc3 7. Nxc3 a6 8. Bc4
Nf6 9. Bg5 Be7 10. Qd2 O-O 11. Rfe1 h6 12. Bf4 Kh8 13. Rad1 Bg4 14. Be2 1-0

[Event "AUTO-OPEN-3940"]
[Site "http://www.queenalice.com/game.php?id=1551044"]
[Date "2018.11.28"]
[Round "3"]
[White "VictorArruda"]
[Black "Fredo"]
[Result "0-1"]
[WhiteElo "1974"]
[BlackElo "2128"]

1. d4 Nf6 2. c4 e6 3. Nc3 Bb4 4. Bd2 O-O 5. e3 d5 6. cxd5 exd5 7. Nf3 c6 8. Bd3
Bg4 9. h3 Be6 10. O-O Nbd7 11. a3 Bd6 12. b4 a6 13. Qb3 h6 14. Rac1 Rc8 15. Ne2
Ne4 16. Bxe4 dxe4 17. Nh2 Bxb3 0-1